MADAN MOHAN MALVIYA & THE INDIAN FREEDOM (Record no. 27751)
[ view plain ]
| 000 -LEADER | |
|---|---|
| fixed length control field | 00349nam a22001457a 4500 |
| 003 - CONTROL NUMBER IDENTIFIER | |
| control field | SGT |
| 020 ## - INTERNATIONAL STANDARD BOOK NUMBER | |
| International Standard Book Number | 9780199463756 |
| 082 ## - DEWEY DECIMAL CLASSIFICATION NUMBER | |
| Classification number | 350.954 |
| Item number | M16M |
| 100 ## - MAIN ENTRY--PERSONAL NAME | |
| Personal name | MISRA, JAGANNATH PRASAD |
| 245 ## - TITLE STATEMENT | |
| Title | MADAN MOHAN MALVIYA & THE INDIAN FREEDOM |
| 260 ## - PUBLICATION, DISTRIBUTION, ETC. (IMPRINT) | |
| Name of publisher, distributor, etc | OXFORD UNIVERSITY PRESS |
| Year of Publication | 2016 |
| 300 ## - PAGE DESCRIPTION | |
| No. of Pages | 314 |
| 650 ## - SUBJECT ADDED ENTRY--TOPICAL TERM | |
| Topical term or geographic name as entry element | SOCIAL SCIENCE |
| 942 ## - ADDED ENTRY ELEMENTS (KOHA) | |
| Source of classification or shelving scheme | Dewey Decimal Classification |
| Koha item type | Back Volumes |
| Withdrawn status | Lost status | Source of classification or shelving scheme | Damaged status | Not for loan | Home library | Current library | Shelving location | Date acquired | Cost, normal purchase price | SGTU | Full call number | Accession No. (Barcode) | Date last seen | Bill Date | Koha item type |
|---|---|---|---|---|---|---|---|---|---|---|---|---|---|---|---|
| Dewey Decimal Classification | Not For Loan | SGT Chancellor's Library | SGT Chancellor's Library | Record Book | 23/11/2024 | 850.00 | SGTU | 350.954 M16M | CH807 | 23/11/2024 | 23/11/2024 | Books |